00651nam a2200229 a 4500001001300000003000900013005001700022008004100039020000800080082001600088100001900104245002400123260004700147500003500194505001000229650002700239700001900266902000800285942000700293952010600300999001500406nice12345678IN_TiNIC20260116011527.0050524s1961 newa grp 000 0 eng  ac000a231.76bCOP aCopleston, F C aMedieval Philosophy aNew YorkbHarcourt Brace and Companyc1961 aincludes index and biblioraphy2 aIndex aPhilosophical-Theology1 aCopleston, F C bSRS cBK 00104070aHMIbHMId2005-05-24g0.00l3o231.76 COPp02222r2018-08-01s2018-07-23w2026-01-16yEB c2332d2332